| 000 | 00723nam a2200265Ia 4500 | ||
|---|---|---|---|
| 008 | 180523s9999 xx 000 0 und d | ||
| 020 | _a981-254-482-8 | ||
| 050 | _aMAIN QA 152.2 | ||
| 050 | _b.S96 2002 c.2 | ||
| 100 | _aSwokowski, Earl W. | ||
| 245 | 0 | _aAlgebra and trigonometry with analytic geometry / | |
| 245 | 0 | _bwith topics on analytic geometry / | |
| 245 | 0 | _cEarl W. Swokowski, Jeffery A. Cole. | |
| 250 | _a10th Edition | ||
| 260 | _aSingapore : | ||
| 260 | _bThomson Learning, | ||
| 260 | _c2002 | ||
| 300 | _a882 pages : | ||
| 300 | _billustrations ; | ||
| 300 | _c23 cm. | ||
| 500 | _aIncludes index. | ||
| 650 | _aAlgebra. | ||
| 650 | _aGeometry, Analytic. | ||
| 650 | _xTrigonometry. | ||
| 999 |
_c357425 _d357425 |
||